Progresos de patología hepática / (Record no. 121341)

MARC details
000 -LEADER
campo de control de longitud fija 00699nam a2200205 i 4500
001 - NÚMERO DE CONTROL
campo de control 121341
003 - IDENTIFICADOR DE NÚMERO DE CONTROL
campo de control ES-MaACL
005 - FECHA Y HORA DE LA ÚLTIMA TRANSACCIÓN
campo de control 20230906191734.0
007 - CAMPO FIJO DE DESCRIPCIÓN FÍSICA--INFORMACIÓN GENERAL
campo de control de longitud fija t|
008 - DATOS DE LONGITUD FIJA--INFORMACIÓN GENERAL
campo de control de longitud fija 070214m19631972sp r ||||1| spa d
100 1# - ENTRADA PRINCIPAL--NOMBRE DE PERSONA
Nombre de persona Popper, Hans.
9 (RLIN) 93107
245 10 - MENCIÓN DEL TÍTULO
Título Progresos de patología hepática /
Mención de responsabilidad, etc. dirigido por Hans Popper, Felton Schaffner ; traducción de T. Amat Puértolas.
260 ## - PUBLICACIÓN, DISTRIBUCIÓN, ETC.
Lugar de publicación, distribución, etc. Barcelona :
Nombre del editor, distribuidor, etc. Científico Médica,
Fecha de publicación, distribución, etc. 1963-72.
300 ## - DESCRIPCIÓN FÍSICA
Extensión 3 v., 2 lám. :
Otras características físicas il. ;
Dimensiones 25 cm.
500 ## - NOTA GENERAL
Nota general Son los volumenes I, II, III.
650 #4 - PUNTO DE ACCESO ADICIONAL DE MATERIA--TÉRMINO DE MATERIA
Término de materia o nombre geográfico como elemento de entrada Hígado-
Subdivisión general Enfermedades.
9 (RLIN) 136251
700 1# - ENTRADA AGREGADA--NOMBRE PERSONAL
Nombre de persona Schaffner, Felton.
9 (RLIN) 104209
700 1# - ENTRADA AGREGADA--NOMBRE PERSONAL
Nombre de persona Amat Puértolas, T.
9 (RLIN) 21143
852 ## - LOCALIZACIÓN
Ubicación ES-MaACL
Número de control de estantería P-1190
Sublocalización o colección R.51904
Holdings
Estatus retirado Estado de pérdida Estado de daño No para préstamo Biblioteca de origen Biblioteca actual Ubicación en estantería Fecha de adquisición Fuente de adquisición Total de préstamos Signatura topográfica completa Código de barras Visto por última vez Precio de reemplazo Tipo de ítem Koha
        Biblioteca del Ateneo de Madrid Biblioteca del Ateneo de Madrid Depósito 2 17/01/2008     P-1190 1126460 23/02/2023 23/02/2023 Libro impreso